| 000 | 00346nam a2200145Ia 4500 | ||
|---|---|---|---|
| 008 | 230917s9999||||xx |||||||||||||| ||und|| | ||
| 040 |
_e29258 _aMAIN |
||
| 041 | _aEnglish | ||
| 082 | _a512.5 B629B | ||
| 100 | _aBlyth, T S | ||
| 245 | 0 | _aBasic linear algebra | |
| 260 |
_aLondon _bSpringer-Verlag _c1998 |
||
| 300 | _aix, 201 p. | ||
| 942 | _cBK | ||
| 999 |
_c100074 _d100074 |
||